Score 0/64 Timer 06:00
37 Plays Today
% Correct
Arsenal London
95.4%
Δ
95.4%
Ajax Amsterdam
89.5%
Δ
89.4%
Hertha Berlin
88.5%
Δ
88.3%
Everton Liverpool
87.7%
Δ
87.7%
Δ
87.5%
Internazionale Milan
87.4%
Juventus Turin
84.9%
Δ
84.9%
Lazio Rome
83.7%
Δ
83.6%
Espanyol Barcelona
82.6%
Δ
82.5%
Δ
79.8%
Glasgow Celtic
79.8%
Δ
79.8%
Benfica Lisbon
79.5%
Δ
76.2%
Zenit St. Petersburg
75.3%
Austria Vienna
74.9%
Δ
74.9%
Panathinaikos Athens
72.9%
Δ
72.9%
Aston Villa Birmingham
71.2%
Δ
71.2%
Rayo Vallecano Madrid
70.7%
Δ
70.6%
Besiktas Istanbul
68.2%
Δ
68.1%
% Correct
Steaua Bucharest
66.8%
Δ
66.7%
Δ
66.5%
Boca Juniors Buenos Aires
65.4%
Δ
65.4%
Flamengo Rio
65.4%
Feyenoord Rotterdam
65.2%
Δ
65.1%
Δ
64.2%
Partizan Belgrade
63.6%
Δ
63.6%
Anderlecht Brussels
63.1%
Real Betis Seville
55%
Δ
54.9%
Hajduk Split
54.3%
Δ
54.3%
Club America Mexico City
53.4%
Δ
53.4%
Δ
48.5%
Palmeiras Sao Paulo
48.2%
Hammarby Stockholm
43.4%
Δ
43.3%
Sampdoria Genoa
38.8%
Δ
38.8%
Penarol Montevideo
29.4%
Δ
29.4%
Rosenborg Trondheim
23.4%
Δ
23.4%
Vasas Budapest
20.6%
Δ
20.6%
Cerezo Osaka
14.9%
Δ
14.9%
Remove Ads.
Support Sporcle.
Get the best of Sporcle when you Go Orange. This ad-free experience offers more features, more stats, and more fun while also helping to support Sporcle. Thank you for becoming a member.

You're not logged in!

Compare scores with friends on all Sporcle quizzes.
OR
Log In

Show Comments

Extras

Top Quizzes Today


Score Distribution

Your Account Isn't Verified!

In order to create a playlist on Sporcle, you need to verify the email address you used during registration. Go to your Sporcle Settings to finish the process.

Report this User

Report this user for behavior that violates our Community Guidelines.

Details: